[Event "Mittelfr. Einzelmeisterschaft 2024 - NT"]
[Site "Nürnberg"]
[Date "2024.03.28"]
[Round "1.1"]
[White "Barnowski, Roman"]
[Black "Luther, Helmut"]
[Result "0-1"]
[WhiteElo "1770"]
[BlackElo "2007"]
[PlyCount "60"]
[EventDate "2024.??.??"]
[WhiteTeam "SC Schwarz-Weiß Nürnberg Süd e.V"]
[BlackTeam "SC Schwarz-Weiß Nürnberg Süd e.V"]

1. Nf3 d5 2. c4 e6 3. d4 Nf6 4. Bg5 Nbd7 5. cxd5 exd5 6. Nc3 c6 7. e3 Be7 8.
Bd3 O-O 9. Qc2 Re8 10. Ne5 h6 11. Bh4 Nxe5 12. dxe5 Ng4 13. Bg3 Bf8 14. O-O-O
Nxe5 15. Be2 Qa5 16. a3 Nc4 17. Bxc4 dxc4 18. Bd6 Bg4 19. f3 Bf5 20. e4 Bh7 21.
Bxf8 Rxf8 22. Rd7 b5 23. Rhd1 Qb6 24. R1d4 a5 25. Qd2 Qb8 26. h3 b4 27. axb4
axb4 28. Nb1 c3 29. bxc3 c5 30. R4d6 b3 0-1

[Event "Mittelfr. Einzelmeisterschaft 2024 - NT"]
[Site "Nürnberg"]
[Date "2024.03.28"]
[Round "1.2"]
[White "Waschner, Richard"]
[Black "Fridlin, Daniel"]
[Result "1/2-1/2"]
[WhiteElo "1907"]
[BlackElo "1731"]
[PlyCount "101"]
[EventDate "2024.??.??"]
[WhiteTeam "Spvg Zabo-Eintracht Nürnberg e.V"]
[BlackTeam "SC Noris-Tarrasch Nürnberg 1873"]

1. d4 Nf6 2. Nc3 g6 3. e4 d6 4. f3 Bg7 5. Be3 O-O 6. Qd2 e5 7. d5 Qe7 8. Bh6 c6
9. Bxg7 Kxg7 10. h4 Nbd7 11. g4 cxd5 12. Nxd5 Nxd5 13. exd5 Nf6 14. h5 e4 15.
O-O-O Re8 16. hxg6 fxg6 17. Re1 e3 18. Qd4 Qe5 19. Qxe5 Rxe5 20. c4 Bd7 21. Be2
a6 22. Nh3 Rc8 23. Kb1 b5 24. b3 Rb8 25. Kc2 bxc4 26. bxc4 Ba4+ 27. Kc3 Ree8
28. Ng5 Bd7 29. Bd3 Re5 30. Ne4 Nxe4+ 31. Bxe4 Bxg4 32. Rxe3 Bxf3 33. Rh4 Bxe4
34. Rhxe4 Rxe4 35. Rxe4 h5 36. Re6 Rd8 37. Kd4 h4 38. c5 dxc5+ 39. Kxc5 h3 40.
Re7+ Kg8 41. Re3 Rc8+ 42. Kb6 h2 43. Re1 g5 44. d6 g4 45. d7 Rf8 46. Re8 h1=Q
47. Rxf8+ Kxf8 48. d8=Q+ Kg7 49. Qg5+ Kf7 50. Qf4+ Ke7 51. Qxg4 1/2-1/2

[Event "Mittelfr. Einzelmeisterschaft 2024 - NT"]
[Site "Nürnberg"]
[Date "2024.03.28"]
[Round "1.3"]
[White "Oram, Thomas"]
[Black "Dakic, Milan"]
[Result "0-1"]
[WhiteElo "1702"]
[BlackElo "1874"]
[PlyCount "120"]
[EventDate "2024.??.??"]
[WhiteTeam "Spvg Zabo-Eintracht Nürnberg e.V"]
[BlackTeam "SC Schwarz-Weiß Nürnberg Süd e.V"]

1. e4 c5 2. Nf3 Nc6 3. d4 cxd4 4. Nxd4 e6 5. Be3 a6 6. Be2 Qc7 7. O-O Nf6 8.
Nc3 Bb4 9. f3 O-O 10. Bf2 Bd6 11. h3 Nh5 12. Re1 Nf4 13. Ndb5 Nxe2+ 14. Rxe2
axb5 15. Nxb5 Bh2+ 16. Kh1 Qb8 17. Bc5 Re8 18. e5 Bxe5 19. Rxe5 Qxe5 20. f4
Qxc5 21. Nc7 Kf8 22. Nxa8 Qa5 23. Qd6+ Kg8 24. Nc7 Rf8 25. c4 Qb4 26. Qxb4 Nxb4
27. g3 d5 28. a3 Nd3 29. cxd5 exd5 30. Nxd5 Bxh3 31. b4 Bg4 32. Kg2 Re8 33. Ra2
Re2+ 34. Rxe2 Bxe2 35. Nc3 Bg4 36. Ne4 Ne1+ 37. Kf2 Nc2 38. Nd6 b6 39. Nc4 b5
40. Ne3 Nxe3 41. Kxe3 h5 42. Ke4 Kh7 43. Kd5 Kg6 44. Kc6 Be2 45. Kd6 Kf5 46.
Ke7 Bc4 47. Kf8 g5 48. fxg5 Kxg5 49. Kg7 f5 50. Kh7 h4 51. gxh4+ Kxh4 52. Kg6
f4 53. Kf5 f3 54. Ke4 f2 55. Kd4 f1=Q 56. Kc5 Qf5+ 57. Kb6 Qe6+ 58. Ka5 Kg4 59.
a4 bxa4 60. Kxa4 Qa6# 0-1

[Event "Mittelfr. Einzelmeisterschaft 2024 - NT"]
[Site "Nürnberg"]
[Date "2024.03.28"]
[Round "1.4"]
[White "Süß, Helmut"]
[Black "Oechslen, Manuel"]
[Result "1/2-1/2"]
[WhiteElo "1869"]
[BlackElo "1605"]
[PlyCount "85"]
[EventDate "2024.??.??"]
[WhiteTeam "SC Noris-Tarrasch Nürnberg 1873"]
[BlackTeam "SK Leutershausen"]

1. d4 Nf6 2. Bf4 d5 3. e3 e6 4. Nf3 b6 5. c3 Be7 6. Nbd2 a5 7. Ne5 O-O 8. Bd3
Ba6 9. Bxa6 Rxa6 10. Qe2 Ra8 11. a4 c5 12. O-O Bd6 13. h3 Qc7 14. Rac1 Nc6 15.
Nxc6 Bxf4 16. exf4 Qxc6 17. b3 Qd6 18. Qe5 Qd7 19. g4 Ne8 20. Rfe1 Nd6 21. c4
dxc4 22. Nxc4 Nxc4 23. Rxc4 cxd4 24. Rxd4 Qc6 25. Rd6 Qc7 26. Red1 Qc2 27. Qb5
Rab8 28. R1d4 Qc3 29. Rd3 Qc1+ 30. Rd1 Qxf4 31. Rxb6 Rxb6 32. Qxb6 h5 33. Rd8
Rxd8 34. Qxd8+ Kh7 35. Qxa5 hxg4 36. Qh5+ Kg8 37. Qxg4 Qc1+ 38. Kg2 g6 39. h4
Qc6+ 40. Qf3 Qc5 41. Qa8+ Kh7 42. a5 Qb4 43. a6 1/2-1/2

[Event "Mittelfr. Einzelmeisterschaft 2024 - NT"]
[Site "Nürnberg"]
[Date "2024.03.28"]
[Round "1.5"]
[White "Averin, Alex"]
[Black "Hahn, Thomas"]
[Result "0-1"]
[WhiteElo "1524"]
[BlackElo "1855"]
[PlyCount "90"]
[EventDate "2024.??.??"]
[WhiteTeam "SC Schwarz-Weiß Nürnberg Süd e.V"]
[BlackTeam "Spvg Zabo-Eintracht Nürnberg e.V"]

1. e4 c5 2. Nf3 d6 3. Nc3 g6 4. Bb5+ Bd7 5. Bxd7+ Nxd7 6. d3 Bg7 7. Bf4 Qb6 8.
Rb1 e6 9. O-O Ne7 10. Qd2 O-O 11. Rfe1 e5 12. Bh6 f5 13. Bxg7 Kxg7 14. Qg5 Nf6
15. Nh4 h6 16. Qg3 f4 17. Qf3 g5 18. Nf5+ Nxf5 19. exf5 Qc6 20. Ne4 Qd7 21. g3
fxg3 22. fxg3 Nd5 23. Nc3 Nb4 24. Rf1 Rf7 25. Qg2 Qc6 26. Qxc6 bxc6 27. Rf2 g4
28. a3 Nd5 29. Ne4 Rd8 30. c4 Nf6 31. Kf1 Nxe4 32. dxe4 d5 33. Rd1 d4 34. Ke2
Rb8 35. Kd3 Rb3+ 36. Kc2 Re3 37. Rd3 Rxe4 38. Kd2 Rb7 39. Kc1 Kf6 40. Rdd2 Rb3
41. Rde2 Rxe2 42. Rxe2 Kxf5 43. Rf2+ Rf3 44. Rxf3+ gxf3 45. Kd2 e4 0-1

[Event "Mittelfr. Einzelmeisterschaft 2024 - NT"]
[Site "Nürnberg"]
[Date "2024.03.28"]
[Round "1.6"]
[White "Müller, Gerhard"]
[Black "Lang, Franz"]
[Result "1-0"]
[WhiteElo "1834"]
[BlackElo "1457"]
[PlyCount "55"]
[EventDate "2024.??.??"]
[WhiteTeam "SC Schwarz-Weiß Nürnberg Süd e.V"]
[BlackTeam "SC Uttenreuth e.V."]

1. d4 d6 2. c4 Nf6 3. Nc3 g6 4. Nf3 Bg7 5. h3 O-O 6. Bf4 c6 7. e3 Qa5 8. Bd3
Bf5 9. O-O Bxd3 10. Qxd3 Nbd7 11. a3 e5 12. b4 Qc7 13. dxe5 Nxe5 14. Nxe5 dxe5
15. Bh2 Rad8 16. Qc2 Qe7 17. Rad1 a5 18. c5 axb4 19. axb4 Nd5 20. Nxd5 cxd5 21.
Qa2 Qe6 22. Rd2 Rd7 23. Rfd1 Rfd8 24. e4 dxe4 25. Qxe6 Rxd2 26. Rxd2 Rxd2 27.
Qe8+ Bf8 28. g4 1-0

[Event "Mittelfr. Einzelmeisterschaft 2024 - NT"]
[Site "Nürnberg"]
[Date "2024.03.28"]
[Round "1.7"]
[White "Spear, Jonas"]
[Black "Assem Gawdat Azmy, Mostafa"]
[Result "0-1"]
[WhiteElo "1371"]
[BlackElo "1825"]
[PlyCount "80"]
[EventDate "2024.??.??"]
[WhiteTeam "SC JÄKLECHEMIE Talente Franken e"]
[BlackTeam "SC Erlangen 48/88"]

1. e4 c5 2. Nf3 d6 3. d4 cxd4 4. Nxd4 Nf6 5. Nc3 a6 6. Bc4 e6 7. Bg5 Be7 8. O-O
O-O 9. Re1 b5 10. Bb3 h6 11. Be3 Bd7 12. Qd2 b4 13. Nce2 e5 14. Nf3 Nxe4 15.
Qxb4 d5 16. Qb6 d4 17. Qxd8 Rxd8 18. Bd2 Nc6 19. Ng3 Nxd2 20. Nxd2 Bb4 21. Re2
d3 22. cxd3 Nd4 23. Rae1 Nxe2+ 24. Rxe2 Bg4 25. f3 Be6 26. Bxe6 fxe6 27. a3
Bc5+ 28. Kf1 Rxd3 29. Rxe5 Bd4 30. Re2 Bxb2 31. Nc4 Bxa3 32. Nxa3 Rxa3 33. Rxe6
Rb8 34. Ne2 Rb2 35. Kf2 Kf7 36. Re4 Raa2 37. g4 a5 38. h4 a4 39. Rf4+ Kg8 40.
Re4 Rxe2+ 0-1

[Event "Mittelfr. Einzelmeisterschaft 2024 - NT"]
[Site "Nürnberg"]
[Date "2024.03.28"]
[Round "1.8"]
[White "Weißmann, Peter"]
[Black "Prunskii, Viacheslav"]
[Result "1-0"]
[WhiteElo "1824"]
[BlackElo "1264"]
[PlyCount "85"]
[EventDate "2024.??.??"]
[WhiteTeam "SGem 1882 Fürth"]
[BlackTeam "SC Schwarz-Weiß Nürnberg"]

1. e4 e5 2. d4 exd4 3. Bc4 Nc6 4. Nf3 Bb4+ 5. c3 dxc3 6. bxc3 Be7 7. O-O d6 8.
Qb3 Be6 9. Bxe6 fxe6 10. Qxe6 Qd7 11. Nd4 Nxd4 12. Qxd7+ Kxd7 13. cxd4 Nf6 14.
Nc3 c6 15. f4 Rhf8 16. Ba3 Rae8 17. e5 dxe5 18. Bxe7 Kxe7 19. dxe5 Nd5 20.
Nxd5+ cxd5 21. Rad1 Ke6 22. Rd4 g6 23. Rfd1 Rd8 24. g3 Rf7 25. Rc1 Rdd7 26.
Rcd1 Rf8 27. Rc1 Rfd8 28. Kf2 Kf5 29. Kf3 h5 30. Rc5 a6 31. a4 Ke6 32. a5 Kf5
33. Rc3 Ke6 34. Rb3 Rc8 35. Rb6+ Rc6 36. Rxc6+ bxc6 37. Rb4 Ra7 38. Rb6 Kd7 39.
Ke3 Kc7 40. Kd4 Rb7 41. Kc5 Rxb6 42. axb6+ Kb7 43. e6 1-0

[Event "Mittelfr. Einzelmeisterschaft 2024 - NT"]
[Site "Nürnberg"]
[Date "2024.03.28"]
[Round "1.9"]
[White "Yanpala, Oguz Faruk"]
[Black "Gottlieb, Michael"]
[Result "0-1"]
[WhiteElo "1187"]
[BlackElo "1782"]
[PlyCount "34"]
[EventDate "2024.??.??"]
[WhiteTeam "SC JÄKLECHEMIE Talente Franken e"]
[BlackTeam "SV Postbauer e.V."]

1. e4 e5 2. Nf3 Nc6 3. Bc4 Nf6 4. d3 Bc5 5. O-O d6 6. Bg5 h6 7. Bh4 g5 8. Bg3
Bg4 9. Nbd2 h5 10. h3 h4 11. Bh2 Bh5 12. c3 g4 13. Nxh4 g3 14. Qb3 gxh2+ 15.
Kxh2 Ng4+ 16. hxg4 Qxh4+ 17. Kg1 Bg6 0-1

[Event "Mittelfr. Einzelmeisterschaft 2024 - NT"]
[Site "Nürnberg"]
[Date "2024.03.28"]
[Round "1.10"]
[White "Engel, David"]
[Black "Vilinski, Jan"]
[Result "1-0"]
[WhiteElo "1721"]
[BlackElo "1058"]
[PlyCount "59"]
[EventDate "2024.??.??"]
[WhiteTeam "Spvg Zabo-Eintracht Nürnberg e.V"]
[BlackTeam "SC JÄKLECHEMIE Talente Franken e"]

1. e4 e5 2. Nf3 Nc6 3. Bc4 Bc5 4. O-O d6 5. c3 Bg4 6. h3 Bh5 7. a4 a5 8. d3 Nf6
9. Re1 Qd7 10. Nbd2 h6 11. Nf1 g5 12. Ng3 Bg6 13. Be3 g4 14. Bxc5 dxc5 15. hxg4
Qxg4 16. Qb3 Rb8 17. Bd5 Nd7 18. Nf5 Bxf5 19. Bxf7+ Kd8 20. exf5 Qxf5 21. Be6
Qf6 22. Qd5 Rh7 23. Bxd7 Qd6 24. Qg8+ Kxd7 25. Qxh7+ Kc8 26. Qf5+ Kd8 27. Nxe5
Nxe5 28. Qxe5 Qxe5 29. Rxe5 Kd7 30. Rxc5 1-0

[Event "Mittelfr. Einzelmeisterschaft 2024 - NT"]
[Site "Nürnberg"]
[Date "2024.03.29"]
[Round "2.1"]
[White "Luther, Helmut"]
[Black "Assem Gawdat Azmy, Mostafa"]
[Result "0-1"]
[WhiteElo "2007"]
[BlackElo "1825"]
[PlyCount "62"]
[EventDate "2024.??.??"]
[WhiteTeam "SC Schwarz-Weiß Nürnberg Süd e.V"]
[BlackTeam "SC Erlangen 48/88"]

1. d4 Nf6 2. c4 g6 3. f3 c5 4. d5 Bg7 5. e4 d6 6. Nc3 O-O 7. Be3 e6 8. Qd2 exd5
9. cxd5 a6 10. a4 Qa5 11. Ra3 Nbd7 12. Nh3 Ne5 13. Nf2 Nh5 14. Be2 f5 15. f4
Ng4 16. Nxg4 fxg4 17. O-O g3 18. h3 Qd8 19. f5 Qh4 20. Bg4 Qe7 21. Bh6 Nf6 22.
Bg5 h6 23. Bh4 Qe5 24. Qe1 Qd4+ 25. Kh1 gxf5 26. Bxf5 Bxf5 27. Rxf5 Nxe4 28.
Rxf8+ Rxf8 29. Nxe4 Qxe4 30. Qxg3 Rf1+ 31. Kh2 Qb1 0-1

[Event "Mittelfr. Einzelmeisterschaft 2024 - NT"]
[Site "Nürnberg"]
[Date "2024.03.29"]
[Round "2.2"]
[White "Dakic, Milan"]
[Black "Weißmann, Peter"]
[Result "1-0"]
[WhiteElo "1874"]
[BlackElo "1824"]
[PlyCount "47"]
[EventDate "2024.??.??"]
[WhiteTeam "SC Schwarz-Weiß Nürnberg Süd e.V"]
[BlackTeam "SGem 1882 Fürth"]

1. e4 c5 2. Nf3 Nc6 3. d4 cxd4 4. Nxd4 Nf6 5. Nc3 e5 6. Nf5 d5 7. Qf3 Bxf5 8.
Qxf5 d4 9. Nb1 Be7 10. Bd3 O-O 11. Nd2 g6 12. Qf3 Nb4 13. Nc4 Rc8 14. Nxe5
Nxc2+ 15. Bxc2 Qa5+ 16. Bd2 Qxe5 17. Bd3 Bd6 18. g3 Rfe8 19. O-O Nxe4 20. Bf4
Qe7 21. Bxe4 Bxf4 22. Bxb7 Rc2 23. Bc6 Qf6 24. Bxe8 1-0

[Event "Mittelfr. Einzelmeisterschaft 2024 - NT"]
[Site "Nürnberg"]
[Date "2024.03.29"]
[Round "2.3"]
[White "Hahn, Thomas"]
[Black "Engel, David"]
[Result "0-1"]
[WhiteElo "1855"]
[BlackElo "1721"]
[PlyCount "64"]
[EventDate "2024.??.??"]
[WhiteTeam "Spvg Zabo-Eintracht Nürnberg e.V"]
[BlackTeam "Spvg Zabo-Eintracht Nürnberg e.V"]

1. e4 c5 2. Nf3 d6 3. d4 cxd4 4. Nxd4 g6 5. Nc3 Bg7 6. Be2 Nc6 7. Be3 Nf6 8.
Qd2 O-O 9. O-O-O Ng4 10. Bxg4 Bxg4 11. f3 Bd7 12. g4 Ne5 13. Bh6 Nc4 14. Qg5
Qb6 15. Nb3 Bf6 16. Qd5 Ne3 17. Bxe3 Qxe3+ 18. Kb1 Qxf3 19. g5 Bc6 20. Rhf1
Qxf1 21. Rxf1 Bxd5 22. gxf6 Bxb3 23. axb3 exf6 24. Rxf6 Rad8 25. Nb5 Kg7 26.
Rxd6 Rxd6 27. Nxd6 b6 28. c4 f5 29. exf5 gxf5 30. Kc1 f4 31. Ne4 f3 32. Kd2 f2
0-1

[Event "Mittelfr. Einzelmeisterschaft 2024 - NT"]
[Site "Nürnberg"]
[Date "2024.03.29"]
[Round "2.4"]
[White "Gottlieb, Michael"]
[Black "Müller, Gerhard"]
[Result "1-0"]
[WhiteElo "1782"]
[BlackElo "1834"]
[PlyCount "53"]
[EventDate "2024.??.??"]
[WhiteTeam "SV Postbauer e.V."]
[BlackTeam "SC Schwarz-Weiß Nürnberg Süd e.V"]

1. d4 b6 2. e4 Bb7 3. Bd3 e6 4. Nf3 Nf6 5. Qe2 d5 6. e5 Ne4 7. Nbd2 Nxd2 8.
Bxd2 Nc6 9. c3 Be7 10. O-O-O a6 11. h4 b5 12. Ng5 h6 13. Qh5 Bxg5 14. hxg5 g6
15. Bxg6 fxg6 16. Qxg6+ Kd7 17. gxh6 Ne7 18. Qh5 Qf8 19. Bg5 Rh7 20. Rd3 Qxf2
21. Rf3 Qxg2 22. Rhf1 Nf5 23. Qg6 Rah8 24. Rxf5 exf5 25. Qxf5+ Ke8 26. Qe6+ Re7
27. Qxe7# 1-0

[Event "Mittelfr. Einzelmeisterschaft 2024 - NT"]
[Site "Nürnberg"]
[Date "2024.03.29"]
[Round "2.5"]
[White "Oechslen, Manuel"]
[Black "Waschner, Richard"]
[Result "1-0"]
[WhiteElo "1605"]
[BlackElo "1907"]
[PlyCount "43"]
[EventDate "2024.??.??"]
[WhiteTeam "SK Leutershausen"]
[BlackTeam "Spvg Zabo-Eintracht Nürnberg e.V"]

1. d4 d5 2. c4 c6 3. Nc3 Nf6 4. Nf3 dxc4 5. a4 Qa5 6. Bd2 Nd5 7. e4 Nxc3 8.
Bxc3 Qb6 9. Bxc4 Bg4 10. Bxf7+ Kd8 11. d5 Nd7 12. dxc6 Qxc6 13. Qd4 Bxf3 14.
gxf3 e5 15. Qd3 Qf6 16. Bc4 Bd6 17. O-O-O Kc7 18. Rd2 Nc5 19. Qc2 Qxf3 20. Rhd1
Nxe4 21. Bd5 Qf6 22. Bxe5+ 1-0

[Event "Mittelfr. Einzelmeisterschaft 2024 - NT"]
[Site "Nürnberg"]
[Date "2024.03.29"]
[Round "2.6"]
[White "Fridlin, Daniel"]
[Black "Süß, Helmut"]
[Result "1/2-1/2"]
[WhiteElo "1731"]
[BlackElo "1869"]
[PlyCount "79"]
[EventDate "2024.??.??"]
[WhiteTeam "SC Noris-Tarrasch Nürnberg 1873"]
[BlackTeam "SC Noris-Tarrasch Nürnberg 1873"]

1. e4 d5 2. exd5 Qxd5 3. Nc3 Qd8 4. d4 Nf6 5. Nf3 Bg4 6. Be2 e6 7. h3 Bxf3 8.
Bxf3 c6 9. a3 Bd6 10. Bg5 Nbd7 11. Qd2 h6 12. Be3 Nb6 13. Qd3 Nbd5 14. Bxd5
exd5 15. O-O-O Qc7 16. Rhe1 O-O-O 17. Qf5+ Qd7 18. Qf3 Rde8 19. Bf4 Re6 20.
Bxd6 Qxd6 21. Re3 Rxe3 22. fxe3 Re8 23. Re1 Qe6 24. Kd2 Re7 25. Qg3 g5 26. Qf3
Kd7 27. Rf1 Ne8 28. Na4 b6 29. Nc3 Nd6 30. b3 f5 31. g4 Rf7 32. Re1 Ne4+ 33.
Nxe4 fxe4 34. Qg3 Kc8 35. Re2 Qf6 36. a4 a5 37. Qh2 Qf1 38. Qd6 Rf6 39. Qe7 Rf2
40. Qe8+ 1/2-1/2

[Event "Mittelfr. Einzelmeisterschaft 2024 - NT"]
[Site "Nürnberg"]
[Date "2024.03.29"]
[Round "2.7"]
[White "Lang, Franz"]
[Black "Barnowski, Roman"]
[Result "1-0"]
[WhiteElo "1457"]
[BlackElo "1770"]
[PlyCount "81"]
[EventDate "2024.??.??"]
[WhiteTeam "SC Uttenreuth e.V."]
[BlackTeam "SC Schwarz-Weiß Nürnberg Süd e.V"]

1. e4 c6 2. c4 d5 3. exd5 cxd5 4. d4 e6 5. Nf3 Nf6 6. Nc3 Bb4 7. Qa4+ Nc6 8.
Ne5 Bxc3+ 9. bxc3 Qc7 10. Ba3 Nd7 11. Nxc6 Qxc6 12. Qb4 Kd8 13. Be2 Re8 14. O-O
a5 15. Qd6 Qxd6 16. Bxd6 b6 17. cxd5 exd5 18. Bf3 Re6 19. Bg3 Nf6 20. Bh4 Ba6
21. Rfe1 Bc4 22. Re5 Kc7 23. Bg3 Kd7 24. a4 Rae8 25. h3 h6 26. Rae1 Kc6 27. Be2
Bxe2 28. R1xe2 Ne4 29. Bh2 Nxc3 30. Rc2 f6 31. Rxc3+ Kb7 32. Rxe6 Rxe6 33. Re3
Rxe3 34. fxe3 Kc6 35. Kf1 b5 36. Ke2 bxa4 37. Kd3 f5 38. Kc3 h5 39. h4 g6 40.
Kb2 Kb5 41. Ka3 1-0

[Event "Mittelfr. Einzelmeisterschaft 2024 - NT"]
[Site "Nürnberg"]
[Date "2024.03.29"]
[Round "2.8"]
[White "Yanpala, Oguz Faruk"]
[Black "Oram, Thomas"]
[Result "0-1"]
[WhiteElo "1187"]
[BlackElo "1702"]
[PlyCount "79"]
[EventDate "2024.??.??"]
[WhiteTeam "SC JÄKLECHEMIE Talente Franken e"]
[BlackTeam "Spvg Zabo-Eintracht Nürnberg e.V"]

1. e4 c5 2. Nf3 e6 3. d4 cxd4 4. Nxd4 Nf6 5. Bd3 Bc5 6. Nb3 Bb6 7. Nc3 Nc6 8.
O-O O-O 9. Bg5 d6 10. Bb5 Ne5 11. h3 a6 12. Be2 h6 13. Bf4 Qc7 14. Bxe5 dxe5
15. Qd3 Bd7 16. Qc4 Bc6 17. Bf3 Rac8 18. Rad1 Qe7 19. Qe2 Nh7 20. Rfe1 Ng5 21.
Bg4 Nxe4 22. Nxe4 f5 23. Nd6 Rcd8 24. Bxf5 Rxd6 25. Rxd6 Qxd6 26. Rd1 Qe7 27.
Bg4 Rxf2 28. Qxf2 Bxf2+ 29. Kxf2 Bd5 30. Rd3 h5 31. Be2 Be4 32. Rc3 Qg5 33. Bf3
Qf5 34. Kg1 Bxf3 35. Rxf3 Qxc2 36. Rf2 Qb1+ 37. Kh2 Qxa2 38. Nc5 Qd5 39. Na4
Qd4 40. Rc2 0-1

[Event "Mittelfr. Einzelmeisterschaft 2024 - NT"]
[Site "Nürnberg"]
[Date "2024.03.29"]
[Round "2.9"]
[White "Majid, Hakim"]
[Black "Spear, Jonas"]
[Result "0-1"]
[WhiteElo "1647"]
[BlackElo "1371"]
[PlyCount "87"]
[EventDate "2024.??.??"]
[WhiteTeam "SC Schwarz-Weiß Nürnberg Süd e.V"]
[BlackTeam "SC JÄKLECHEMIE Talente Franken e"]

1. e4 e5 2. Nf3 Nc6 3. c3 Nf6 4. d3 Bc5 5. Be2 d5 6. exd5 Nxd5 7. O-O O-O 8.
Bg5 Qd6 9. Nbd2 Bf5 10. Nc4 Qg6 11. Qd2 Rfe8 12. Rae1 Nb6 13. Nh4 Qe6 14. Nxf5
Qxf5 15. Be3 Nxc4 16. dxc4 Rad8 17. Qc1 e4 18. b4 Bxe3 19. fxe3 Qe6 20. b5 Ne5
21. Qa3 Qb6 22. c5 Qh6 23. Bd1 Nc4 24. Qb3 Nxe3 25. Qxf7+ Kh8 26. Bh5 Nxf1 27.
Rxf1 g6 28. Qf6+ Qg7 29. Qxg7+ Kxg7 30. Be2 Rd2 31. Bc4 Re7 32. a4 Rc2 33. Bd5
b6 34. cxb6 cxb6 35. c4 Ra2 36. h3 Rxa4 37. Re1 e3 38. Kh2 Ra3 39. Re2 Rd3 40.
Kg3 Rd2 41. Kf3 h5 42. Be4 Rxe4 43. Rxe3 Rxe3+ 44. Kxe3 0-1

[Event "Mittelfr. Einzelmeisterschaft 2024 - NT"]
[Site "Nürnberg"]
[Date "2024.03.29"]
[Round "2.10"]
[White "Vilinski, Jan"]
[Black "Averin, Alex"]
[Result "1/2-1/2"]
[WhiteElo "1058"]
[BlackElo "1524"]
[PlyCount "58"]
[EventDate "2024.??.??"]
[WhiteTeam "SC JÄKLECHEMIE Talente Franken e"]
[BlackTeam "SC Schwarz-Weiß Nürnberg Süd e.V"]

1. e4 c5 2. Nf3 e6 3. d4 cxd4 4. Nxd4 Nf6 5. Nc3 Nc6 6. Be3 Bb4 7. f3 d5 8.
Nxc6 bxc6 9. Qd3 c5 10. Bd2 Qb6 11. Qb5+ Qxb5 12. Bxb5+ Bd7 13. Bxd7+ Kxd7 14.
e5 d4 15. Ne2 Bxd2+ 16. Kxd2 Nd5 17. c3 dxc3+ 18. Nxc3 Nxc3 19. Kxc3 Kc6 20.
Kc4 Rhd8 21. Rhd1 Rab8 22. Kc3 Rd5 23. f4 Rbd8 24. Rxd5 Rxd5 25. Re1 Rd4 26. g3
Kd5 27. b3 Re4 28. Rd1+ Rd4 29. Re1 Re4 1/2-1/2

[Event "Mittelfr. Einzelmeisterschaft 2024 - NT"]
[Site "Nürnberg"]
[Date "2024.03.29"]
[Round "3.1"]
[White "Engel, David"]
[Black "Dakic, Milan"]
[Result "1/2-1/2"]
[WhiteElo "1721"]
[BlackElo "1874"]
[PlyCount "149"]
[EventDate "2024.??.??"]
[WhiteTeam "Spvg Zabo-Eintracht Nürnberg e.V"]
[BlackTeam "SC Schwarz-Weiß Nürnberg Süd e.V"]

1. e4 c5 2. Nf3 Nc6 3. d4 cxd4 4. Nxd4 e6 5. Nc3 a6 6. Be2 Qc7 7. Nf3 Nf6 8. a3
Be7 9. Bg5 b5 10. Bd3 Bb7 11. O-O d6 12. Bf4 Ne5 13. Nxe5 dxe5 14. Bd2 O-O 15.
Re1 Rfd8 16. Na2 a5 17. Qe2 Rac8 18. f3 b4 19. axb4 axb4 20. Kh1 b3 21. Nc1 Ra8
22. Nxb3 Rdc8 23. Bc3 Nh5 24. g3 Nf6 25. Na5 Rcb8 26. Nxb7 Rxa1 27. Rxa1 Rxb7
28. Ra8+ Rb8 29. Rxb8+ Qxb8 30. Qd2 Nd7 31. Bc4 Qa7 32. Bb5 Qa1+ 33. Kg2 Nf8
34. Bxe5 Ng6 35. Bc3 h5 36. b3 Qa2 37. Bd3 h4 38. Qe1 Qa7 39. Qg1 Qc7 40. Qa1
Bd6 41. Qa5 Qb8 42. Be1 Ne5 43. Qb5 Qc7 44. Ba5 Qe7 45. Qb6 hxg3 46. hxg3 Nxd3
47. cxd3 Kh7 48. b4 f5 49. Qd8 Bxb4 50. Qxe7 Bxe7 51. Bc7 g6 52. d4 fxe4 53.
fxe4 Bf6 54. d5 exd5 55. exd5 Kg7 56. d6 Be5 57. Kh3 Kf7 58. Kh4 Ke6 59. Kg4
Kd7 60. Bb8 Kd8 61. Kf3 Kd7 62. Bc7 Bxd6 63. Bxd6 Kxd6 64. Kg4 Ke6 65. Kg5 Kf7
66. Kh6 Kf6 67. g4 g5 68. Kh5 Kf7 69. Kxg5 Kg7 70. Kf5 Kf7 71. g5 Kg7 72. g6
Kg8 73. Kf6 Kf8 74. g7+ Kg8 75. Ke6 1/2-1/2

[Event "Mittelfr. Einzelmeisterschaft 2024 - NT"]
[Site "Nürnberg"]
[Date "2024.03.29"]
[Round "3.2"]
[White "Assem Gawdat Azmy, Mostafa"]
[Black "Gottlieb, Michael"]
[Result "1-0"]
[WhiteElo "1825"]
[BlackElo "1782"]
[PlyCount "85"]
[EventDate "2024.??.??"]
[WhiteTeam "SC Erlangen 48/88"]
[BlackTeam "SV Postbauer e.V."]

1. e4 e5 2. Nf3 Nc6 3. d4 exd4 4. Nxd4 Bb4+ 5. c3 Bc5 6. Nb3 Bb6 7. Qe2 Nge7 8.
Be3 O-O 9. N1d2 d5 10. O-O-O Qe8 11. f3 Be6 12. Nc5 Bxc5 13. Bxc5 b6 14. Ba3 d4
15. c4 Ne5 16. Qf2 c5 17. h3 N5c6 18. f4 f5 19. g4 fxe4 20. Nxe4 Ne5 21. Ng5
Bxc4 22. Bxc4+ Nxc4 23. Qc2 Ng6 24. Qxc4+ Kh8 25. Rde1 b5 26. Rxe8 bxc4 27.
Rxa8 Rxa8 28. Ne6 Re8 29. f5 Ne5 30. Bxc5 Nd3+ 31. Kc2 Nxc5 32. Nxc5 Re2+ 33.
Kc1 c3 34. Nd3 Rd2 35. Rd1 Rh2 36. bxc3 dxc3 37. Nf4 h5 38. Rd8+ Kh7 39. g5
Rxa2 40. Ng6 Ra1+ 41. Kc2 Ra2+ 42. Kxc3 Ra3+ 43. Kb2 1-0

[Event "Mittelfr. Einzelmeisterschaft 2024 - NT"]
[Site "Nürnberg"]
[Date "2024.03.29"]
[Round "3.3"]
[White "Müller, Gerhard"]
[Black "Oechslen, Manuel"]
[Result "0-1"]
[WhiteElo "1834"]
[BlackElo "1605"]
[PlyCount "69"]
[EventDate "2024.??.??"]
[WhiteTeam "SC Schwarz-Weiß Nürnberg Süd e.V"]
[BlackTeam "SK Leutershausen"]

1. d4 Nf6 2. Bf4 d5 3. e3 Bf5 4. Bd3 Bg6 5. h3 e6 6. Nf3 Bd6 7. Ne5 Bxd3 8.
Qxd3 a6 9. Nd2 Nbd7 10. O-O O-O 11. Ndf3 h6 12. a3 Rc8 13. c4 c5 14. cxd5 Nxd5
15. Bh2 cxd4 16. Qxd4 Nxe5 17. Nxe5 Qc7 18. Nf3 Bxh2+ 19. Nxh2 Rfd8 20. Nf3 Nf6
21. Qb4 e5 22. Rfd1 Rxd1+ 23. Rxd1 e4 24. Nd4 Rd8 25. Qd2 Nd7 26. Rc1 Qd6 27.
Qa5 Ne5 28. Nf5 Qf6 29. Ng3 Nc6 30. Qb6 Qe7 31. Nxe4 Qxe4 32. Qxb7 Rd6 33. Qxa6
Rg6 34. g3 Rxg3+ 35. Kh2 0-1

[Event "Mittelfr. Einzelmeisterschaft 2024 - NT"]
[Site "Nürnberg"]
[Date "2024.03.29"]
[Round "3.4"]
[White "Oram, Thomas"]
[Black "Luther, Helmut"]
[Result "1/2-1/2"]
[WhiteElo "1702"]
[BlackElo "2007"]
[PlyCount "175"]
[EventDate "2024.??.??"]
[WhiteTeam "Spvg Zabo-Eintracht Nürnberg e.V"]
[BlackTeam "SC Schwarz-Weiß Nürnberg Süd e.V"]

1. e4 d5 2. exd5 Qxd5 3. Nc3 Qd6 4. d4 Nf6 5. Nb5 Qd8 6. Bf4 Na6 7. c4 c6 8.
Nc3 g6 9. Be2 Bg7 10. Nf3 O-O 11. O-O Nc7 12. Re1 Re8 13. Qd2 Ne6 14. Be5 Nf8
15. Rad1 N8d7 16. Bf4 Nh5 17. Bh6 Bh8 18. Ng5 Ndf6 19. Nge4 Nxe4 20. Nxe4 Nf6
21. Nxf6+ Bxf6 22. b4 a6 23. a4 Bd7 24. a5 Qc8 25. Bg5 Bg7 26. Bf3 Be6 27. d5
cxd5 28. cxd5 Bc3 29. Qf4 Bxe1 30. dxe6 f6 31. Rxe1 fxg5 32. Qxg5 Qc3 33. Rb1
Rab8 34. h4 Qf6 35. Qg4 Red8 36. h5 Kg7 37. hxg6 hxg6 38. b5 axb5 39. Rxb5 Qa1+
40. Kh2 Rh8+ 41. Kg3 Qg1 42. Be4 Rh6 43. Qg5 Qh2+ 44. Kg4 Rf8 45. Qe5+ Qxe5 46.
Rxe5 Rxf2 47. Bxb7 Kf6 48. Re3 Rh5 49. a6 Ra5 50. Rb3 Ra4+ 51. Kg3 Rfa2 52. Rb6
R2a3+ 53. Kh2 Ra5 54. Bc8 Rh5+ 55. Kg1 Ra1+ 56. Kf2 Ra3 57. Bb7 Rf5+ 58. Ke2
Re5+ 59. Kd2 Rxe6 60. Rxe6+ Kxe6 61. Kc2 Kd6 62. Kb2 Ra5 63. Kb3 Kc5 64. Kc3
Kb6 65. Kd4 g5 66. Ke4 Kc7 67. Kd4 Kb6 68. Ke4 Rc5 69. Kd4 Rf5 70. Ke4 Ra5 71.
Kd4 e5+ 72. Ke4 Kc7 73. Kf5 Kd6 74. Kxg5 Kc5 75. Kf6 Kd4 76. g4 e4 77. g5 e3
78. g6 e2 79. g7 e1=Q 80. g8=Q Qe5+ 81. Kf7 Qf5+ 82. Ke7 Re5+ 83. Kd6 Qf6+ 84.
Kc7 Qe7+ 85. Kb8 Qd6+ 86. Ka8 Qc5 87. Qg4+ Kc3 88. Qc8 1/2-1/2